000 01321cam a22003497a 4500
003 CHAP
005 20220329141526.0
008 971013s1989 r 00010 d
010 _a69589
011 _a70561
035 _a80042
040 _cCHAP
090 _aTesis
100 0 0 _aSalazar Maldonado, Francisco.
_9101395
245 1 4 _aUna experiencia de trabajo en desarrollo rural en el ejido El Olimpico, Municipio de Mante, Estado de Tamaulipas; Programa de Desarrollo Rural Integrado del Trópico Húmedo (PRODERITH)
260 _aMarín, N. L. :
_bEl autor,
_c1989
300 _a60 h.
_b; mapas
500 _a34-248
502 _aTesis (Ing. Agrónomo Fitotecnista) -- Univ. Autónoma de Nuevo León. Fac. de Agronomía
590 _aALEPH
_b10
_c20130110
_lUCH01
_h1408
590 _aBATCH-UPD
_b10
_c20130110
_lUCH01
_h0719
590 _aBATCH-UPD
_b10
_c20130110
_lUCH01
_h2337
590 _aBATCH-UPD
_b10
_c20130410
_lUCH01
_h0403
590 _aBATCH-UPD
_b10
_c20130914
_lUCH01
_h1146
590 _aCONVERSION
_b10
_c20130109
_lUCH01
_h1338
650 1 4 _aDesarrollo de la comunidad rural
_xTamaulipas.
_932028
650 1 4 _aExtensión agrícola
_xTamaulipas.
_939189
650 1 4 _aTamaulipas
_xCondiciones rurales.
_9111523
901 _aBK
942 _cTESIS
949 _bBC
_cTES
_d-32937
_eTS1
_h22215
_i80042
_si
999 _c69589
_d69589